Studierendenstatistik / Universität Tübingen / SS 2007

Saved in:  
Bibliographic Details
Format: Print Book
Language:German
Published: 2007
In: Studierendenstatistik / Universität Tübingen
Year: 2007
Availability in Tübingen:Present in Tübingen.
IFK: X V 15
Check availability: HBZ Gateway
Subito Delivery Service: Order now.

MARC

LEADER 00000cam a2200000 cc4500
001 1335651799
003 DE-627
005 20220526134830.0
007 tu
008 070615s2007 xx ||||| 00| ||ger c
035 |a (DE-627)1335651799 
035 |a (DE-576)265651794 
035 |a (DE-599)BSZ265651794 
040 |a DE-627  |b ger  |c DE-627  |e rakwb 
041 |a ger 
245 0 0 |a Studierendenstatistik / Universität Tübingen  |n SS 2007 
264 1 |c 2007 
300 |a 165 S. 
336 |a Text  |b txt  |2 rdacontent 
337 |a ohne Hilfsmittel zu benutzen  |b n  |2 rdamedia 
338 |a Band  |b nc  |2 rdacarrier 
773 1 8 |a Studierendenstatistik / Universität Tübingen  |w (DE-627)214089347  |w (DE-576)053357310  |w (DE-600)1327829-0  |g SS 2007  |q 2007,2007  |7 nnas 
935 |h SWB  |i vSatz 
951 |a JV 
ELC |b 1 
LOK |0 000 xxxxxcx a22 zn 4500 
LOK |0 001 2535833255 
LOK |0 003 DE-627 
LOK |0 004 1335651799 
LOK |0 005 20070615110129 
LOK |0 008 070615||||||||||||||||ger||||||| 
LOK |0 040   |a DE-21-110  |c DE-627  |d DE-21-110 
LOK |0 541   |e 07/209 
LOK |0 852   |a DE-21-110 
LOK |0 852 1  |c X V 15  |m p  |9 00 
LOK |0 938   |k p 
LOK |0 939   |a 15-06-07  |b l01 
ORI |a SA-MARC-krimdoka001.raw 
SIG |a IFK: X V 15